000 00483nam a2200169Ia 4500
005 20240822044154.0
008 240331s9999 xx 000 0 und d
020 _a0312123167
082 _bPAR
_a427.95
100 _aParakrama, A
245 0 _aDe- Hegemonizin language standards :
_blearning from(Post)colonial Englishes about 'English'
260 _aNew York
_bSt. Martin's Press, Inc
_c1995
300 _axxxvii, 216 p .,
650 _aPolitics
650 _a Women
942 _cL
999 _c3011
_d3011